• 首页
  • 本馆介绍
  • 公告通知
  • 最新文献
  • 馆藏检索
  • 电子资源
  • 读者导购
  • 参考咨询
  • 我的图书馆
  • 登录
  • 详细信息显示
  • 放入我的书架
  • 预约/预借图书
  • 作者相关作品
  • 分类相关作品
  • 丛书相关作品
  • 出版社相关作品

书目信息

  • 表格格式
  • 工作单格式
  • 卡片格式
题名:
双语教学纵横谈
    
 
作者: 赵慧 著
分册:  
出版信息: 天津   天津教育出版社  2006
页数: 239页
开本: 24cm
丛书名: 教育经济与管理丛书
单 册:
中图分类: H109 , H09
科图分类:
主题词: 双语教学 , 教学研究 , 双语教学--教学研究--中国 , 语言教学
电子资源:
ISBN: 7-5309-4545-9
000 01051nam0 2200313 450
000 01010nam0 2200289 450
000 00943nam0 2200265 450
000 00907nam0 2200253 45
005 20070727160024.16
010    @a7-5309-4545-9@dCNY39.00
100    @a20070620d2006 em y0chiy0120 ea
101 0  @achi
102    @aCN@b120000
105    @ay z 000yy
200 1  @a双语教学纵横谈@AShuang Yu Jiao Xue Zong Heng Tan@f赵慧著@FZhao Hui Zhu
210    @a天津@c天津教育出版社@d2006
215    @a239页@d24cm
225 2  @a教育经济与管理丛书
330    @a这套“教育经济与管理”丛书分为五个系列,有宏观研究也有微观剖析;既有理论研讨的学术进取,又有拓宽视野的比较考察和案例分析,涵盖教育行政、公共经济、经费投入、管理经营、法律政策、人力资源发开发等领域。
410  0 @12001 @a教育经济与管理丛书
606 0  @a双语教学
606 0  @a教学研究
606 0  @a双语教学@x教学研究@y中国
606 0  @a语言教学
690    @aH109@v4
690    @aH09@v3
701  0 @a赵慧@AZhao Hui@4著
801  0 @aCN@bTAOJIN@c20070727
905    @a10447@dH09@e144
    
    双语教学纵横谈/赵慧著.-天津:天津教育出版社,2006
    239页;24cm.-(教育经济与管理丛书)
    
    
    ISBN 7-5309-4545-9:CNY39.00
    这套“教育经济与管理”丛书分为五个系列,有宏观研究也有微观剖析;既有理论研讨的学术进取,又有拓宽视野的比较考察和案例分析,涵盖教育行政、公共经济、经费投入、管理经营、法律政策、人力资源发开发等领域。
●
相关链接 在E读中查询图书 在五车中查询图书 在当当中查询图书 在豆瓣中查询图书


正题名:双语教学纵横谈     索取号:H09/144         预约/预借

序号 登录号 条形码 馆藏地/架位号 状态 备注
1 0821645   208216456   第二样本阅览室/ [索取号:H09/144] 在馆    
2 0821646   208216465   第四借阅区/ [索取号:H09/144] 在馆    
3 0821647   208216474   第四借阅区/ [索取号:H09/144] 在馆    
4 0821648   208216483   第四借阅区/ [索取号:H09/144] 在馆    
5 0821649   208216492   第四借阅区/ [索取号:H09/144] 在馆    
唐山师范学院图书馆 欢迎您!
大连网信软件有限公司© 版权所有